00716nam a22002297a 4500003001100000005001700011008004100028020001500069040003900084041000800123082001500131100002200146245008800168260003100256300001500287650002600302650002400328700002200352942000700374952009000381999001500471LK-CoMWRAF20231222112606.0231222b1990 |||||||| |||| 00| 0 eng d a0855326549 aLK-CoMWRAFdLK-CoMWRAFeLK-CoMWRAF aeng a741.6bBRI aBridgewater, Alan aTraditional and folk designs for embroidery, painting, pottery and all other crafts aKent:bSearch press,c1990 a64 p.: ill aEmbroidery - Patterns aPainting - Patterns aBridgewater, Gill cBK 00104070aMAINbMAINd2023-12-22l0o741.6 BRIpRAF4601r2023-12-22w2023-12-22yBK c4544d4544